LEADER 01186nam a2200265 a 4500 001 000000159899 003 CaOOAMICUS 005 20170404141552.0 008 170404s1965 sp frm z000 u spa r 032 $aLibriCat 040 $aPUL$bita 100 1 $aLora, Cecilio de.$0(OLS)http://pul/name/102286 245 10$aSocialización y educación de la juventud española contemporánea / $cCecilio de Lora . 260 $aMadrid :$b[s.n.],$c1965. 300 $a215 p. ;$c25 cm. 502 $aTesi -- Pontificia Università Gregoriana. Facoltà di scienze sociali. 1964. 504 $aBibliografia: p. 139-151. 650 04$aGioventù cattolica.$0(OLS)http://pul/subject/21573 710 2 $aPontificia Università Gregoriana.$bFacoltà di scienze sociali.$kTesi.$0(OLS)http://pul/name/35944 850 $aPUL 852 $aPUL$W1$xDP1 Tesi Pon. Univ. Gregoriana$y40$mTH PUG 1635$j183481$qTesi$B186687$CPULBib$Z2$F186687 $H25741 $82 941 1 $a16 996 $6245$aSocialización y educación de la juventud española contemporánea / $9(OLS)http://pul/title/199528 996 $6260$aMadrid :$b[s.n.]$9(OLS)http://pul/publisher/49535 LEADER 01173nam a2200265 a 4500 001 000000163438 003 CaOOAMICUS 005 20171016171745.0 008 171016s1987 ii m u000 u eng r 032 $aLibriCat 040 $aPUL$bita 100 1 $aThazhath, Andrews,$csac.$0(OLS)http://pul/name/6700 245 14$aThe juridical sources of the Syro-Malabar Church : $ba historico-juridical study / $cAndrews Thazhath . 260 $aKottayam :$b[s.n.],$c1987. 300 $axlvii, 345 p. ; $c24 cm. 502 $aTesi. Pontificio Istituto Orientale. 1986. 504 $aBibliografia in nota a piè pagina. 610 24$aChiesa siro-malabarese.$0(OLS)http://pul/subject/44987 710 2 $aPontificio Istituto Orientale.$kTesi.$0(OLS)http://pul/name/104919 850 $aPUL 852 $aPUL$W1$xDP1 Tesi Pon. Ist. Orientale$y39$mTH ORIE 124$j187551$qTesi$B190669$CPULBib$Z2$F190669 $H57070 $82 941 1 $a16 996 $6245$aThe juridical sources of the Syro-Malabar Church : $ba historico-juridical study / $9(OLS)http://pul/title/203155 996 $6260$aKottayam :$b[s.n.]$9(OLS)http://pul/publisher/79865